000 00278nam a2200121Ia 4500
008 190216s9999||||xx |||||||||||||| ||und||
100 _aPrem Chand
245 0 _aFestival Of Eid
260 _bNational Book Trust India
_c1980
300 _a32p
650 _aEnglish
942 _cBK
999 _c13099
_d13099